Born in Solna - Statistics

General Stats
  • This quiz has been taken 4 times
  • The average score is 8 of 10
Answer Stats
Hint Answer % Correct
Crown Princess of Sweden 1977 Victoria
100%
Singer, "Lush Life" "Symphony" "Memory Lane" 1997 Zara Larsson
100%
Footballer who plays for Newcastle United and the Swedish national team 1999 Alexander Isak
75%
King of Sweden since 1973 1946 Carl XVI Gustaf
75%
Olympic gold medalist and three-time world champion in discus throw 1992 Daniel Ståhl
75%
Duchess of Östergötland and second in the line of succesion to the Swedish throne 2012 Estelle
75%
Finnish former racing driver and Formula One Champion 1982 1948 Keke Rosberg
75%
Duke of Skåne and third in the line of succession to the Swedish throne 2016 Oscar
75%
Footballer who plays for Arsenal and the Swedish women's national team 2003 Rosa Kafaji
50%
Footballer who plays for Brighton and the Swedish national team 2003 Yasin Ayari
50%
No matching quizzes found
Score Distribution
Percent of People with Each Score
Percentile by Number Answered
Your Score History
You have not taken this quiz